000 01379nam2a22003011 4500
001 v19\rc\1524258
005 20250618200705.0
035 _a(NLR Aleph) 004688841
090 _a3906732
_c3906732
100 _a20060620d1913 |||y0rusy50 ca
101 0 _arus
102 _aRU
105 _ay z |||||
200 1 _aТретья экскурсия воспитанников... Кавказ
210 _d1913
_aБ. м.
215 _a[2], 96 с.
461 0 _1001v19\rc\1524229
_12001#$aОтчет о состоянии Нижегородского дворянского института императора Александра II$v... за 1912-1913 учебный год. Прил. ...
_93906387
_aНижегородский дворянский институт
_cНижний Новгород
_d1886-1916
_p31 т.
_tОтчет о состоянии Нижегородского дворянского института императора Александра II
_v... за 1912-1913 учебный год. Прил. ...
801 0 _aRU
_bNLR
_gpsbo
801 0 _aRU
_bRuMoRGB
_2psbo
801 1 _aRU
_bProSoft-M
_2rusmarc
852 _aNLR
_j34.54.5.394
899 _aRuMoRGB (1884-1915*)
_jU 102/80
899 _aRuMoRGB (1884-1915*)
_jF 63/172
899 _aБАН
899 _aГПИБ (1885-1916*)
899 _aНБ МГУ (1884-1915*)
942 _cBOOK
980 _aNB